Statystyki dla Co to za Firma? #1

Kliknij tutaj aby rozwiązać quiz!

Ogólne statystyki

  • Ten quiz został rozwiązany 60 razy
  • Średni wynik to 15 z 16

Statystyki odpowiedzi

Odpowiedź% Poprawnych
Apple
100%
Facebook
100%
Nike
100%
YouTube
100%
Pepsi
98%
Puma
98%
Tiktok
98%
XBOX
98%
Adidas
94%
Google
94%
LG
91%
PlayStation
91%
Jordan
89%
motorola
83%
WhatsApp
81%
Steam
72%

Rozkład punktacji

Percentyl według liczby udzielonych odpowiedzi

Procent ludzi z każdym wynikiem

Twoja historia wyników

Nie rozwiązałeś tego quizu